000 00710nam a2200121Ia 4500
008 220620s9999||||xx |||||||||||||| ||und||
100 _aRamia, Gaby
245 0 _aGoverning Social Protection in the Long Term
_bSocial Policy and Employment Relations in Australia and New Zealand
546 _aEnglish[eng]
650 _aSocial Policy||Sociology of Work||Political Sociology||social harm||the free market||employment and welfare||labour market||industrial relations||Open access||Political economy||Social & ethical issues||Sociology: work & labour||Sociology||Politics & government
856 _uhttps://library.oapen.org/bitstream/20.500.12657/39984/1/2020_Book_GoverningSocialProtectionInThe.pdf
942 _cEB
999 _c30980
_d30980